<?xml version="1.0" encoding="UTF-8"?>
<record
    xmlns:xsi="http://www.w3.org/2001/XMLSchema-instance"
    xsi:schemaLocation="http://www.loc.gov/MARC21/slim http://www.loc.gov/standards/marcxml/schema/MARC21slim.xsd"
    xmlns="http://www.loc.gov/MARC21/slim">

  <leader>00814cam a2200253 i 4500</leader>
  <datafield tag="999" ind1=" " ind2=" ">
    <subfield code="c">7820</subfield>
    <subfield code="d">7820</subfield>
  </datafield>
  <controlfield tag="001">19021167</controlfield>
  <controlfield tag="003">OSt</controlfield>
  <controlfield tag="005">20231123154541.0</controlfield>
  <controlfield tag="008">150718e201412  bo       b    000 0 spa d</controlfield>
  <datafield tag="010" ind1=" " ind2=" ">
    <subfield code="a">  2015453958</subfield>
  </datafield>
  <datafield tag="020" ind1=" " ind2=" ">
    <subfield code="a">9789995416348</subfield>
  </datafield>
  <datafield tag="035" ind1=" " ind2=" ">
    <subfield code="a">(OCoLC)ocn915281160</subfield>
  </datafield>
  <datafield tag="040" ind1=" " ind2=" ">
    <subfield code="a">STF</subfield>
    <subfield code="b">eng</subfield>
    <subfield code="e">rda</subfield>
    <subfield code="c">CDMR</subfield>
  </datafield>
  <datafield tag="042" ind1=" " ind2=" ">
    <subfield code="a">lccopycat</subfield>
  </datafield>
  <datafield tag="043" ind1=" " ind2=" ">
    <subfield code="a">s-bo---</subfield>
  </datafield>
  <datafield tag="050" ind1="0" ind2="0">
    <subfield code="a">PN5012</subfield>
    <subfield code="b">.C36 2014</subfield>
  </datafield>
  <datafield tag="100" ind1="1" ind2=" ">
    <subfield code="a">Canedo, Amparo,</subfield>
  </datafield>
  <datafield tag="245" ind1="1" ind2="0">
    <subfield code="a">Pasado, presente y futuro del periodismo /</subfield>
    <subfield code="c">Amparo Canedo.</subfield>
  </datafield>
  <datafield tag="264" ind1=" " ind2="1">
    <subfield code="a">La Paz, Bolivia :</subfield>
    <subfield code="b">Universidad Cat&#xF3;lica Boliviana "San Pablo" :</subfield>
    <subfield code="b">Plural Editores,</subfield>
    <subfield code="c">2014</subfield>
  </datafield>
  <datafield tag="300" ind1=" " ind2=" ">
    <subfield code="a">209 p.</subfield>
  </datafield>
  <datafield tag="505" ind1=" " ind2=" ">
    <subfield code="a">Originalment va ser la tesi doctoral de l'autora, presentada el 2013 a la Universidad Andina Sim&#xF3;n Bol&#xED;var</subfield>
  </datafield>
  <datafield tag="650" ind1=" " ind2="0">
    <subfield code="a">Periodisme</subfield>
    <subfield code="z">Bol&#xED;via</subfield>
    <subfield code="9">382</subfield>
  </datafield>
  <datafield tag="942" ind1=" " ind2=" ">
    <subfield code="2">udc</subfield>
    <subfield code="c">MON</subfield>
  </datafield>
  <datafield tag="952" ind1=" " ind2=" ">
    <subfield code="0">0</subfield>
    <subfield code="1">0</subfield>
    <subfield code="4">0</subfield>
    <subfield code="7">0</subfield>
    <subfield code="a">CDMR</subfield>
    <subfield code="b">CDMR</subfield>
    <subfield code="d">2023-11-23</subfield>
    <subfield code="e">Donaci&#xF3;</subfield>
    <subfield code="l">0</subfield>
    <subfield code="o">Dt 4/11</subfield>
    <subfield code="p">CDMR22031264</subfield>
    <subfield code="r">2023-11-23</subfield>
    <subfield code="w">2023-11-23</subfield>
    <subfield code="y">MON</subfield>
  </datafield>
</record>
